|
|
|
|
| LEADER |
00699nam a2200169Ia 4500 |
| 008 |
151104b xxu||||| m||| 00| 0 eng d |
| 082 |
|
|
|a 621.382
|
| 100 |
|
|
|a Ali, C K
|
| 245 |
|
|
|a Blind adaptive multiuser detection with integrated channel estimation for multipath CDMA channels /
|c by Ali, C K
|
| 260 |
|
|
|c 2006.
|
| 502 |
|
|
|a Thesis (Ph.D.)-- Department of Engineering, University of Calicut, 2006.
|
| 504 |
|
|
|a Includes bibliographical references.
|
| 653 |
|
|
|a Engineering
|
| 796 |
|
|
|a Gopinathan, E.
|b Thesis advisor.
|c Dr.
|
| 942 |
|
|
|c TH
|
| 999 |
|
|
|c 110362
|d 110362
|
| 952 |
|
|
|0 0
|1 0
|4 0
|6 621_382000000000000_ALI_B
|7 0
|9 114785
|a UL
|b UL
|c REF
|d 2015-11-09
|l 0
|o 621.382 ALI/B
|p NB4685
|r 2015-11-09
|w 2015-11-09
|y TH
|z 1230
|